| 000 | 00381nam a2200157Ia 4500 | ||
|---|---|---|---|
| 005 | 20250424045907.0 | ||
| 008 | 240331s9999 xx 000 0 und d | ||
| 020 | _a9788189985608 | ||
| 082 |
_bVAL _a294 |
||
| 100 | _aAAsiriyar Kulu | ||
| 245 | 0 | _aVallalar | |
| 260 |
_aChennai _bMayura Pathippagam. _c2008 |
||
| 300 | _a72 p ., | ||
| 500 | _aValaar patriya puthagam | ||
| 942 | _cL | ||
| 999 |
_c5838 _d5838 |
||